1287 1035 1798 1706 1771 1360 1783 1439 1890 1835 1494 1842 1953 1178 1798 1094 1324 1335 1155 1837 1745 1211 1759 1236 1086 1217 1650 1551 1371 1049 1324 1253 1272 1770 1629 1355 1805 1902 1217 1212 1209 1884 1489 1461 1163 1028 1653 1135 1870 1354 1513 1872 1275 1881 1911 1797 1523 1979 1115 1872 1950 1765 1181 1528 1806 1548 1591 1636 1192 1359 1609 1222 1837 1143 1640 1230 1916 1191 1896 1148 1601 1020 1116 1057 1172 1411 1573 1914 1835 1361 1072 1062 1586 1085 1974 1183 1930 1766 1860 BCNSPRNW ULIB Ver.6.0+V

เปลี่ยนเป็นภาษาไทย

Change to English
 แสดงรายละเอียดบรรณานุกรม
  กลับหน้าหลัก

Brief Record : Get Marc (ISO 2709) : E-mail record : QR code < ปิดหน้าต่าง
LEADER : 00000nam 2200000uu 4500
001    13399120370
003     ULIB
008    120918s2546||||th 000 0 tha d
020    ^a9746614029
060 04 ^aWY156.7^bพ263ก 2546
100 0  ^aพรรณนิภา ธรรมวิรัช
245 10 ^aการพยาบาลนรีเวช /^cพรรณนิภา ธรรมวิรัช ; บรรณาธิการ,ประอรนุช ตุลยาทร
250    ^aพิมพ์ครั้งที่ 4 (ฉบับปรับปรุง)
260    ^aกรุงเทพฯ :^bภาควิชาการพยาบาลสูติศาสตร์นรีเวชวิทยาคณะพยาบาลศาสตร์ มหาวิทยาลัยมหิดล,^c2546
300    ^a251 หน้า :^bภาพประกอบ;^c27 ซม.
650  7 ^aการพยาบาลนรีเวชวิทยา
700 0  ^aประอรนุช ตุลยาทร,^eบรรณาธิการ
710 2  ^aมหาวิทยาลัยมหิดล. ^bคณะพยาบาลศาสตร์.^bภาควิชาการพยาบาลสูติศาสตร์นรีเวชวิทยา
945    ^p180^l0^i24618
995    ^aวิภา
999 ^a ใช้งานได้ทุกระบบ
รายการนี้ยังไม่มีแท็ก
คุณยังไม่ได้ล็อกอิน คุณสามารถมีกิจกรรมร่วมกับเว็บไซต์ได้ แต่ต้องล็อกอินก่อน ::
  ล็อกอิน

รายการสื่อสารสนเทศ

ลำดับที่ ประเภท เลขเรียก/บาร์โค้ด สถานที่ สถานะ
1. วิทยาศาสตร์การแพทย์ และสุขภาพ
วิทยาศาสตร์การแพทย์ และสุขภาพ
WY156.7 พ263ก 2546  
  Barcode: 24618
ห้องสมุดวิทยาเขตสวรรค์ประชารักษ์
►หนังสือทั่วไป
ถูกยืม กำหนดส่งวันที่ 11 พฤษภาคม 2558
  จอง

รายการใกล้เคียง
    ผู้แต่ง [พรรณนิภา ธรรมวิรัช]

    หัวเรื่อง [การพยาบาลนรีเวชวิทยา]

BibComment


ยังไม่เคยถูกคอมเมนท์

คอมเมนท์ทรัพยากรรายการนี้
  คอมเมนท์: การพยาบาลนรีเวช ..


 Copyright 2026. Bcnsprnw @Library